000 00411pab a2200145 454500
008 180718b2003 xxu||||| |||| 00| 0 eng d
100 _aMason, Mark
245 _aContributory factors and the situation of children during incidents of domestic violence: a snapshot
260 _c2003
300 _ap.281-88.
650 _aChildren
650 _aDomestic violence
773 _aPolice Journal
909 _a59726
999 _c59726
_d59726